| 000 | 00498nam a2200193Ia 4500 | ||
|---|---|---|---|
| 005 | 20140402154753.0 | ||
| 008 | 140130s9999 xx 000 0 und d | ||
| 020 | _a0439109906 | ||
| 050 |
_aPZ 7 _b.M821m3 2000 |
||
| 100 |
_aMoore, Eva _95228 |
||
| 245 |
_cEva Moore. _aMagic school bus: _bthe wild whale watch / |
||
| 260 |
_bScholastic, _c2000. _aUSA : |
||
| 300 |
_a75 p, : _bill. ; _c25 cm. |
||
| 440 |
_v1 _931081 |
||
| 521 | _aG3 | ||
| 526 | _c590 | ||
| 942 |
_cBK _2lcc |
||
| 999 |
_c40729 _d40729 |
||